Blister In The Sun - Violent Femmes (Full Lyrics) - Statistics

General Stats
  • This quiz has been taken 17 times
  • The average score is 170 of 188
Answer Stats
Answer % Correct
a
100%
And
100%
and
100%
Big
100%
blister
100%
go
100%
hands
100%
I
100%
in
100%
know
100%
on
100%
one
100%
sun
100%
the
100%
to
100%
you
100%
you're
100%
as
90%
check
90%
don't
90%
even
90%
high
90%
I'm
90%
just
90%
kite
90%
Let
90%
Like
90%
me
90%
might
90%
my
90%
My
90%
out
90%
She
90%
sheets
90%
stain
90%
Stop
90%
why
90%
cry
80%
girlfriend
80%
so
80%
starting
80%
strung
80%
strut
80%
stuff
80%
walkin'
80%
When
80%
is
70%
at
60%
end
60%
she's
60%
beats
50%
Body
50%
walking
30%
No matching quizzes found
Score Distribution
Percent of People with Each Score
Percentile by Number Answered
Your Score History
You have not taken this quiz